000 00440nam a22001697a 4500
005 20160512101157.0
008 160512b xxu||||| |||| 00| 0 eng d
020 _a81-259-2140-0
041 _aeng
082 _b1545
100 _aMaheshwari S.N. Maheshwari S.K.
_9327
245 _aA text book of Accounting the management
260 _aNOIDA
_bVIKAS PUBLISHING HOUSE
_c2006
300 _a4.302
650 _aManagement
_9241
942 _cBK
999 _c626
_d626